000
00301nam a22001457a 4500
008
221024b ||||| |||| 00| 0 eng d
020
_a
7614368
041
_a
eng
080
_a
610.73
082
_a
610.73
100
_a
8
101
_a
INF
245
_a
ATHEROSCLEROSIS
_c
GOTTO A
942
_2
udc
_c
BK
999
_c
58648
_d
58648